000 00781nam a2200181 a 4500
001 2213
003 CO-ViMGA
008 141112s2004 ck r 000 u spa d
040 _aCO-ViMGA
_bspa
_cCO-ViMGA
082 0 4 _a621.380413 S248
100 1 _aSchwartz, Nlischa
_950973
245 1 0 _aRedes de telecomunicaciones :
_bprotocolos, modelado y analisis
260 _aWilmington :
_bAddison - Wesley,
_c1994
300 _a172 p : il
505 _aArquitecturas por niveles en redes de datos 71 - - Control de flujo y control de congestión 161 - - Introducción a la formulación de circuitos 497 - - procesamiento de llamadas en sistemas digitales de conmutación 685 - - El desarrollo delas redes integradas 647
650 1 4 _aTELECOMUNICACIONES - REDES
_950974
942 _2ddc
_cBK
999 _c14318
_d14318